Катализ металлами (продуктами разложения) процесса фотолиза азидов свинца и серебра; Вопросы кинетики и катализа

Podrobná bibliografie
Parent link:Вопросы кинетики и катализа.— 1978.— С. 59-62
Hlavní autor: Захаров Ю. А. Юрий Александрович
Další autoři: Суровой Э. П.
Jazyk:ruština
Vydáno: 1978
Témata:
Médium: MixedMaterials Kapitola
KOHA link:https://koha.lib.tpu.ru/cgi-bin/koha/opac-detail.pl?biblionumber=313210

MARC

LEADER 00000naa2a2200000 4500
001 313210
005 20231101013925.0
035 |a (RuTPU)RU\TPU\book\338594 
035 |a RU\TPU\tpu\28128 
090 |a 313210 
100 |a 20160118d1978 k y0rusy50 ca 
101 0 |a rus 
102 |a RU 
200 1 |a Катализ металлами (продуктами разложения) процесса фотолиза азидов свинца и серебра  |f Ю. А. Захаров, Э. П. Суровой 
463 0 |0 (RuTPU)RU\TPU\book\160472  |t Вопросы кинетики и катализа  |o межвузовский сборник  |f Ивановский химико-технологический институт; под ред. В. А. Шорманова  |v С. 59-62  |d 1978  |p 112 с. 
610 1 |a труды учёных ТПУ 
700 1 |a Захаров  |b Ю. А.  |c российский химик  |c профессор Томского политехнического университета  |f 1938-  |g Юрий Александрович  |2 stltpush  |3 (RuTPU)RU\TPU\pers\19791 
701 1 |a Суровой  |b Э. П. 
801 1 |a RU  |b 63413507  |c 20081201  |g PSBO 
801 2 |a RU  |b 63413507  |c 20160118  |g PSBO 
942 |c BK